00831 2200193 4500245003500000020002200035250001100057100002000068700001900088700001100107650004300118005001900161260003500180041001400215084000800229300002300237500036800260336000900628 aFangirlcRowell, RainbowhText a978-602-71505-0-8 aCet. 1 aRowell, Rainbow aWisnu Wardhana aNyiBlo aNovel Inggris (dalam Bahasa Indonesia) a20250106113034 aJakartabPenerbit Springc2014 aIndonesia a823 a456 hlm. :c20 cm. aCath dan Wren saudari kembarnya adalah penggemar Simon Snow. Oke, seluruh dunia adalah penggemar Simon Snow, novel berseri tentang dunia penyihir itu. Namun, Cath bukan sekedar fan. Simon Snow adalah hidupnya. Cath bahkan menulis fanfiksi tentang Simon Snow menggunakan nama pena Magicath di Internet, dan ia terkenal ! Semua orang menanti-nantikan fanfiksi Cath. atext